| 000 | 00343nam a22001457a 4500 | ||
|---|---|---|---|
| 008 | 230123b ||||| |||| 00| 0 eng d | ||
| 020 | _a9780803625006 | ||
| 041 | _aeng | ||
| 080 |
_2FIFTH EDITION _a61 |
||
| 082 | _a61AND | ||
| 100 | _a4 | ||
| 101 | _aMJK | ||
| 245 |
_aCARING FOR OLDER ADULTS HOLISTICALLY _cANDERSON A M |
||
| 942 |
_2udc _cBK |
||
| 999 |
_c59238 _d59238 |
||